000 00308nam a2200109Ia 4500
008 201231s9999 xx 000 0 und d
100 _aRamkant (Ed.)
245 0 _aIndias partition : prelude & legacies. South Asia Studies Series. - 35.
260 _aJaipur
_bRawat Publications
300 _a197
942 _cBK
999 _c9868
_d9868